000 00240 a2200097 4500
001 45490
100 _aMccormack M
245 _aWhat they don't teach you of Harvard business school
260 _aLondon
_bCollins
_c
090 _c28652
_d28652
942 _aNUST-CAE
_cM
_c20727
999 _c280563
_d280563